| 000 | 00648 a2200181 4500 | ||
|---|---|---|---|
| 020 | _a9781589479692 | ||
| 020 | _a1589479696 | ||
| 020 | _a76645025692 | ||
| 041 | _aspa | ||
| 100 | 1 | 0 | _aGregorich, Barbara |
| 245 | 1 | _aEl alfabeto: mayusculas = Uppercase alphabet / Escrito por/Written by Barbara Gregorich and staff ; Traducido por/Translated by John Conaway ; Ilustraciones de /Illustrated by Robin Boyer. | |
| 260 | _aGrand Haven, Mich. : School Zone Pub. Co., c2004. | ||
| 300 |
_a64 pages : illustrations ; _c28 cm. |
||
| 500 | _aBilingual. Ages 4-6 / Anos 4-6 | ||
| 700 | 1 | 0 | _aConaway, John. |
| 700 | 1 | 0 | _aBoyer, Robin. |
| 942 | _cBK | ||
| 999 |
_c24759 _d24759 |
||